Awesome animals / (Record no. 47752)
[ view plain ]
| 000 -LEADER | |
|---|---|
| fixed length control field | 00604nam a22001817a 4500 |
| 005 - DATE AND TIME OF LATEST TRANSACTION | |
| control field | 20100925140537.0 |
| 008 - FIXED-LENGTH DATA ELEMENTS--GENERAL INFORMATION | |
| fixed length control field | 100925t xxu||||| |||| 00| 0 eng d |
| 020 ## - INTERNATIONAL STANDARD BOOK NUMBER | |
| International Standard Book Number | 0-439-42981-1 |
| 035 ## - SYSTEM CONTROL NUMBER | |
| System control number | B-164601 |
| 082 ## - DEWEY DECIMAL CLASSIFICATION NUMBER | |
| Classification number | 001 |
| 100 ## - MAIN ENTRY--PERSONAL NAME | |
| Personal name | Packard, Mary |
| 9 (RLIN) | 21582 |
| 245 ## - TITLE STATEMENT | |
| Title | Awesome animals / |
| Statement of responsibility, etc | by Mary Packard ; illustrated by Leanne Franson |
| 260 ## - PUBLICATION, DISTRIBUTION, ETC. (IMPRINT) | |
| Place of publication, distribution, etc | New Delhi |
| Name of publisher, distributor, etc | Scholastic Inc. |
| Date of publication, distribution, etc | 2004 |
| 300 ## - PHYSICAL DESCRIPTION | |
| Extent | 86p. |
| Other physical details | 19cm. (pbk) |
| Dimensions | illu. |
| 700 ## - ADDED ENTRY--PERSONAL NAME | |
| Personal name | Franson, Leanne |
| 9 (RLIN) | 21583 |
| 942 ## - ADDED ENTRY ELEMENTS (KOHA) | |
| Source of classification or shelving scheme | Dewey Decimal Classification |
| Item type | Children Books |
| Classification part | 001 |
| Call number suffix | Pac |
| Withdrawn status | Lost status | Source of classification or shelving scheme | Damaged status | Not for loan | Collection code | Home library | Current library | Date acquired | Total Checkouts | Full call number | Barcode | Date last seen | Copy number | Koha item type |
|---|---|---|---|---|---|---|---|---|---|---|---|---|---|---|
| Dewey Decimal Classification | Not For Loan | Non-fiction | Patel Nagar | Patel Nagar | 25/09/2010 | 001 Pac | B-164601 | 25/09/2010 | 1 | Children Books |
